| 000 | 00536cam a2200205ua 4500 | ||
|---|---|---|---|
| 001 | 9555 | ||
| 008 | 160217n ii |||gr||||Z||||||eng | ||
| 020 | _a9789383252770 | ||
| 040 | _cMAIN | ||
| 041 | _aeng | ||
| 082 | _a333.7 | ||
| 100 |
_aBuragohain, Abhijita, _eAuthor. |
||
| 245 |
_aText book on environmental economics _cby Abhijita Buragohain |
||
| 250 | _a1st ed. | ||
| 260 |
_aGuwahati: _bEBH publishers, _c2016. |
||
| 300 | _a128p. | ||
| 653 | _aEconomics of land & energy | ||
| 700 |
_aDas, Niranjan, _eAuthor. |
||
| 942 | _cBK | ||
| 999 |
_c8587 _d8587 |
||